-ace or -ice? Quiz Stats

 Plays Quiz Updated Dec 28, 2017

Also try: -ence or -ance?
Challenge
Share
Tweet
Embed
Score 0/20 Timer 03:00
0 Plays Today
Stem -ace or -ice % Correct
neckl???
95.9%
just???
95.2%
not???
94.1%
serv???
93.8%
nov???
93.6%
terr???
92.7%
surf???
91.8%
men???
91.7%
grim???
89.3%
furn???
86.7%
Stem -ace or -ice % Correct
pref???
85.7%
bod???
84.9%
mal???
83.6%
sol???
79.3%
chal???
79.3%
pinn???
77.8%
pum???
76.9%
corn???
76%
copp???
67.2%
bull???
54.6%

You're not logged in!

Compare scores with friends on all Sporcle quizzes.
OR
Log In

You Might Also Like...

Show Comments

Extras

Top Quizzes Today


Score Distribution

Your Account Isn't Verified!

In order to create a playlist on Sporcle, you need to verify the email address you used during registration. Go to your Sporcle Settings to finish the process.

Report this User

Report this user for behavior that violates our Community Guidelines.

Details: